<?xml version="1.0" encoding="UTF-8"?>
<collection xmlns="http://www.loc.gov/MARC21/slim">
<record>
  <controlfield tag="001">150130</controlfield>
  <controlfield tag="005">20251017144635.0</controlfield>
  <datafield tag="024" ind1="7" ind2=" ">
    <subfield code="2">doi</subfield>
    <subfield code="a">10.22319/rmcp.v11i2.4767</subfield>
  </datafield>
  <datafield tag="024" ind1="8" ind2=" ">
    <subfield code="2">sideral</subfield>
    <subfield code="a">134013</subfield>
  </datafield>
  <datafield tag="037" ind1=" " ind2=" ">
    <subfield code="a">ART-2020-134013</subfield>
  </datafield>
  <datafield tag="041" ind1=" " ind2=" ">
    <subfield code="a">spa</subfield>
  </datafield>
  <datafield tag="100" ind1=" " ind2=" ">
    <subfield code="a">Valadez Noriega, Marcela</subfield>
  </datafield>
  <datafield tag="245" ind1=" " ind2=" ">
    <subfield code="a">Implicaciones, tendencias y perspectivas del transporte de larga distancia en el ganado bovino. Revisión</subfield>
  </datafield>
  <datafield tag="260" ind1=" " ind2=" ">
    <subfield code="c">2020</subfield>
  </datafield>
  <datafield tag="506" ind1="0" ind2=" ">
    <subfield code="a">Access copy available to the general public</subfield>
    <subfield code="f">Unrestricted</subfield>
  </datafield>
  <datafield tag="520" ind1="3" ind2=" ">
    <subfield code="a">El creciente comercio internacional, el crecimiento poblacional y su consecuente demanda de proteínas de origen animal en los países en vías de desarrollo y emergentes, han dado lugar a un considerable aumento en el número de animales criados, transportados y procesados en todo el mundo. Esto ha derivado en un aumento de la distancia recorrida y el tiempo de viaje, estimulando ciertas mejoras en la infraestructura ganadera; camiones con mayor autonomía; capacidad de carga y adaptados a las necesidades biológicas de los animales; reducción de costos de operación; y liberalización de restricciones zoosanitarias que facilitan el comercio internacional. La presente revisión hace un análisis pormenorizado y actualizado del transporte de larga distancia con una visión de conjunto. Si se toma en cuenta que la tendencia actual es aumentar el tiempo del transporte, escalas logísticas y transportes mixtos, es necesario desarrollar sistemas de evaluación y toma de decisiones con herramientas y protocolos que minimicen el coste biológico en el ganado bovino.</subfield>
  </datafield>
  <datafield tag="540" ind1=" " ind2=" ">
    <subfield code="9">info:eu-repo/semantics/openAccess</subfield>
    <subfield code="a">by-nc-sa</subfield>
    <subfield code="u">https://creativecommons.org/licenses/by-nc-sa/4.0/deed.es</subfield>
  </datafield>
  <datafield tag="590" ind1=" " ind2=" ">
    <subfield code="a">1.048</subfield>
    <subfield code="b">2020</subfield>
  </datafield>
  <datafield tag="591" ind1=" " ind2=" ">
    <subfield code="a">AGRICULTURE, DAIRY &amp; ANIMAL SCIENCE</subfield>
    <subfield code="b">46 / 63 = 0.73</subfield>
    <subfield code="c">2020</subfield>
    <subfield code="d">Q3</subfield>
    <subfield code="e">T3</subfield>
  </datafield>
  <datafield tag="592" ind1=" " ind2=" ">
    <subfield code="a">0.205</subfield>
    <subfield code="b">2020</subfield>
  </datafield>
  <datafield tag="593" ind1=" " ind2=" ">
    <subfield code="a">Veterinary (miscellaneous)</subfield>
    <subfield code="c">2020</subfield>
    <subfield code="d">Q3</subfield>
  </datafield>
  <datafield tag="593" ind1=" " ind2=" ">
    <subfield code="a">Animal Science and Zoology</subfield>
    <subfield code="c">2020</subfield>
    <subfield code="d">Q3</subfield>
  </datafield>
  <datafield tag="655" ind1=" " ind2="4">
    <subfield code="a">info:eu-repo/semantics/review</subfield>
    <subfield code="v">info:eu-repo/semantics/publishedVersion</subfield>
  </datafield>
  <datafield tag="700" ind1=" " ind2=" ">
    <subfield code="a">Miranda de la Lama, Genaro Cvabodni</subfield>
    <subfield code="u">Universidad de Zaragoza</subfield>
    <subfield code="0">(orcid)0000-0002-6848-1010</subfield>
  </datafield>
  <datafield tag="710" ind1="2" ind2=" ">
    <subfield code="1">2008</subfield>
    <subfield code="2">700</subfield>
    <subfield code="a">Universidad de Zaragoza</subfield>
    <subfield code="b">Dpto. Produc.Animal Cienc.Ali.</subfield>
    <subfield code="c">Área Producción Animal</subfield>
  </datafield>
  <datafield tag="773" ind1=" " ind2=" ">
    <subfield code="g">11, 2 (2020), 517-538</subfield>
    <subfield code="p">REVISTA MEXICANA DE CIENCIAS PECUARIAS</subfield>
    <subfield code="t">REVISTA MEXICANA DE CIENCIAS PECUARIAS</subfield>
    <subfield code="x">2007-1124</subfield>
  </datafield>
  <datafield tag="856" ind1="4" ind2=" ">
    <subfield code="s">539793</subfield>
    <subfield code="u">http://zaguan.unizar.es/record/150130/files/texto_completo.pdf</subfield>
    <subfield code="y">Versión publicada</subfield>
  </datafield>
  <datafield tag="856" ind1="4" ind2=" ">
    <subfield code="s">1432217</subfield>
    <subfield code="u">http://zaguan.unizar.es/record/150130/files/texto_completo.jpg?subformat=icon</subfield>
    <subfield code="x">icon</subfield>
    <subfield code="y">Versión publicada</subfield>
  </datafield>
  <datafield tag="909" ind1="C" ind2="O">
    <subfield code="o">oai:zaguan.unizar.es:150130</subfield>
    <subfield code="p">articulos</subfield>
    <subfield code="p">driver</subfield>
  </datafield>
  <datafield tag="951" ind1=" " ind2=" ">
    <subfield code="a">2025-10-17-14:28:44</subfield>
  </datafield>
  <datafield tag="980" ind1=" " ind2=" ">
    <subfield code="a">ARTICLE</subfield>
  </datafield>
</record>
</collection>